LEADER 01416nam a2200337 a 4500 001 000000133157 003 CaOOAMICUS 005 20130313143521.0 008 130313s2010 it u0000u ita r 020 $a978-88-6030-345-5 040 $aPUL$bita 041 1 $aita$heng 082 04$a153 100 1 $aNoë, Alva.$0(OLS)http://pul/name/85819 240 10$aOut of our heads.$lItaliano.$0(OLS)http://pul/title/168253 245 10$aPerchè non siamo il nostro cervello :$buna teoria radicale della coscienza /$cAlva Noë. 260 $aMilano :$bRaffaello Cortina,$c©2010. 300 $aXVIII, 215 p. ;$c23 cm. 490 1 $aScienza e idee ;$v202 504 $aBibliografia nelle note. 650 4$aIntelligenza.$0(OLS)http://pul/subject/12039 650 4$aCoscienza.$0(OLS)http://pul/subject/5039 830 0$aScienza e idee (Raffaello Cortina) ;$v202.$0(OLS)http://pul/title/60185 850 $aPUL 852 $aPUL$W1$xSL Filosofia 3$y81$m153 NOEAL 1$j153095$qDDC 21$B152591$CPULBib$Z2$F152591 $H121845 $82 941 1 $a9 996 $6020$a978-88-6030-345-5$9(OLS)http://pul/number/152131 996 $6082$a153$9(OLS)http://pul/classification/646 996 $6245$aPerchè non siamo il nostro cervello :$buna teoria radicale della coscienza$9(OLS)http://pul/title/168254 996 $6260$aMilano :$bRaffaello Cortina$9(OLS)http://pul/publisher/63509 LEADER 01501nam a2200337 a 4500 001 000000121338 003 CaOOAMICUS 005 20100422104010.0 008 100422t2010 it u000 u ita r 020 $a978-88-6030-305-9 040 $aPUL$bita$dReb 041 1 $aita$hger 082 04$a193 100 1 $aJaspers, Karl,$d1883-1969.$0(OLS)http://pul/name/6455 240 10$aEinführung in die Philosophie.$lItaliano.$0(OLS)http://pul/title/56587 245 10$aIntroduzione alla filosofia /$cKarl Jaspers ; con un commento di Pietro Chiodi ; postfazione di Umberto Galimberti. 260 $aMilano :$bRaffaello Cortina,$c©2010. 300 $axvii, 211 p. ;$c23 cm. 490 1 $aScienza e idee ;$v196 504 $aInclude riferimenti bibliografici ed indice. 650 4$aFilosofia.$0(OLS)http://pul/subject/362 700 1 $aChiodi, Pietro,$d1915-$0(OLS)http://pul/name/5738 700 1 $aGalimberti, Umberto,$d1942-$0(OLS)http://pul/name/8525 830 0$aScienza e idee (Raffaello Cortina) ;$v196.$0(OLS)http://pul/title/60185 850 $aPUL 852 $aPUL$W1$xSL Filosofia 3$y81$m193 JASKA 3$j139151$qDDC 21$q $B138376$CPULBib$Z2$F138376 $H113324 $81 941 1 $a9 996 $6020$a978-88-6030-305-9$9(OLS)http://pul/number/143951 996 $6082$a193$9(OLS)http://pul/classification/412 996 $6245$aIntroduzione alla filosofia$9(OLS)http://pul/title/2712 996 $6260$aMilano :$bRaffaello Cortina$9(OLS)http://pul/publisher/63509